Les James Bond girls dans les films - Statistiques

Statistiques générales
  • Ce quiz a été pris 142 fois
  • Le résultat moyen est 12 sur 69
Statistiques - réponses
Année Film Actrice % Correct
2015 007 Spectre Léa Seydoux
74%
2021 Mourir peut attendre Léa Seydoux
74%
1999 Le monde ne suffit pas Sophie Marceau
70%
2006 Casino Royale Eva Green
68%
1962 James Bond 007 contre Dr No Ursula Andress
67%
1981 Rien que pour vos yeux Carole Bouquet
57%
2002 Meurs un autre jour Halle Berry
54%
2015 007 Spectre Monica Bellucci
39%
1985 Dangereusement vôtre Grace Jones
34%
1965 Opération Tonnerre Claudine Auger
32%
1997 Demain ne meurt jamais Michelle Yeoh
32%
1969 Au service secret de Sa Majesté Diana Rigg
31%
1973 Vivre et laisser mourir Jane Seymour
31%
1974 L'homme au pistolet d'or Maud Adams
28%
1983 Octopussy Maud Adams
28%
2021 Mourir peut attendre Ana de Armas
27%
1977 L'espion qui m'aimait Barbara Bach
27%
1999 Le monde ne suffit pas Denise Richards
27%
1997 Demain ne meurt jamais Teri Hatcher
23%
2002 Meurs un autre jour Rosamund Pike
22%
1963 Bons baisers de Russie Daniela Bianchi
21%
1995 Golden Eye Famke Janssen
20%
1964 Goldfinger Honor Blackman
18%
1974 L'homme au pistolet d'or Britt Ekland
17%
1971 Les diamants sont éternels Jill St John
17%
1979 Moonraker Lois Chiles
17%
1985 Dangereusement vôtre Tanya Roberts
17%
2012 Skyfall Bérénice Marlohe
13%
1987 Tuer n'est pas jouer Maryam d'Abo
13%
1989 Permis de tuer Carey Lowell
12%
1995 Golden Eye Izabella Scorupco
12%
2006 Casino Royale Caterina Murino
10%
1979 Moonraker Corinne Cléry
10%
1962 James Bond 007 contre Dr No Eunice Gayson
10%
1963 Bons baisers de Russie Eunice Gayson
10%
2008 Quantum of Solace Gemma Arterton
9%
1971 Les diamants sont éternels Lana Wood
9%
1965 Opération Tonnerre Martine Beswick
9%
1964 Goldfinger Shirley Eaton
9%
1977 L'espion qui m'aimait Caroline Munro
8%
2021 Mourir peut attendre Lashana Lynch
8%
1965 Opération Tonnerre Luciana Paluzzi
8%
1967 On ne vit que deux fois Mie Hama
8%
1962 James Bond 007 contre Dr No Zena Marshall
8%
1967 On ne vit que deux fois Karin Dor
7%
1964 Goldfinger Tania Mallet
7%
1973 Vivre et laisser mourir Gloria Hendry
6%
1981 Rien que pour vos yeux Lynn-Holly Johnson
6%
1969 Au service secret de Sa Majesté Angela Scoular
5%
1985 Dangereusement vôtre Fiona Fullerton
5%
1983 Octopussy Kristina Wayborn
5%
1987 Tuer n'est pas jouer Belle Avery
4%
1974 L'homme au pistolet d'or Carmen du Sautoy
4%
1981 Rien que pour vos yeux Cassandra Harris
4%
1969 Au service secret de Sa Majesté Catherine Schell
4%
1997 Demain ne meurt jamais Cecilie Thomsen
4%
1979 Moonraker Emily Bolton
4%
2006 Casino Royale Ivana Milicevic
4%
1973 Vivre et laisser mourir Madeline Smith
4%
1999 Le monde ne suffit pas Maria Grazia Cucinotta
4%
1977 L'espion qui m'aimait Olga Bisera
4%
1989 Permis de tuer Priscilla Barnes
4%
1995 Golden Eye Serena Gordon
4%
1987 Tuer n'est pas jouer Virginia Hey
4%
1983 Octopussy Tina Hudson
3%
1967 On ne vit que deux fois Akiko Wakavayashi
0%
1965 Opération Tonnerre Moly Peters
0%
2008 Quantum of Solace Olga Kurytenko
0%
1989 Permis de tuer Talisa Solo
0%
Aucun quiz correspondant
Distribution des résultats
% des personnes avec chaque résultat
Percentile par nombre de réponses
Votre historique - résultats
Vous n’avez pas pris ce quiz